| 000 | 00566cam a22002174a 4500 | ||
|---|---|---|---|
| 005 | 20250731113204.0 | ||
| 008 | 250528s ||||||||||||||||||||||||d | ||
| 035 | _a19429 | ||
| 020 | _a013028419X | ||
| 040 |
_aGR-AtMCL _bgre _dGR-AtMCL _eAACR2 |
||
| 245 | 1 | _aE-BUSINESS & E-COMMERCE HOW TO PROGRAM: INTRODUCING XML | |
| 250 | _a1 | ||
| 260 |
_bPrentice Hall, _c2001 |
||
| 300 | _a1254 | ||
| 700 | 1 |
_aDeitel, Harvey M., _d1945- _91838 |
|
| 700 | 1 |
_aDeitel, Paul J. _91839 |
|
| 700 | 1 |
_aNieto T.R _91840 |
|
| 942 | _cBK | ||
| 999 |
_c4685 _d4685 |
||